Statistics for Airlines quiz #2

Click here to take the quiz!

General Stats

  • This quiz has been taken 70 times
  • The average score is 7 of 10

Answer Stats

QuestionAnswer% Correct
Which one IS from AFRICA?Royal air Maroc (RAM)
97%
Which is NOT from Canada?Southwest airlines
97%
Has world's largest A380 fleet?Emirates
92%
NWA stands for...North-West Airlines
92%
Which one IS a CARGO airline?Aero logic
84%
Which of these merged with UNITED airlines?Continental
84%
What airline flies directly from Australia to UK?QANTAS
69%
Which one operates world's shortest flight?Logan air
56%
Which one used to fly to LHR via LAX?Air New Zealand
50%
Which airline is a star alliance member?Aeroflot
27%

Score Distribution

Percentile by Number Answered

Percent of People with Each Score

Your Score History

You have not taken this quiz